Población o capital: dilema en el desarrollo económico /

Збережено в:
Бібліографічні деталі
Автор: Reuben Soto, Sergio
Формат: Текст
Теги: Додати тег
Немає тегів, Будьте першим, хто поставить тег для цього запису!

MARC

LEADER 00000 a a2200000 04500
001 3073
003
040
100 |a Reuben Soto, Sergio  
245 |a Población o capital:   |b dilema en el desarrollo económico /  |c Sergio Reuben Soto 
773 |g volumen 4, número 1; páginas 101-108  
999 |c 30814  |d 30814